Los que hicieron nuestro cine, 1 : (Record no. 8186)
[ view plain ]
| 000 -CABECERA | |
|---|---|
| campo de control de longitud fija | 01178nam a2200193 a 4500 |
| 005 - FECHA Y HORA DE LA ÚLTIMA TRANSACCIÓN | |
| campo de control | 20250926063854.0 |
| 008 - ELEMENTOS DE LONGITUD FIJA--INFORMACIÓN GENERAL | |
| campo de control de longitud fija | 991125n197 [me 000 0 spa u |
| 035 ## - NÚMERO DE CONTROL DEL SISTEMA | |
| Número de control de sistema | UPN01000008186 |
| 049 ## - COLECCIÓN | |
| Colección | AV |
| 099 ## - CLASIFICACIÓN LOCAL | |
| Clasificación local | PVI P 0486 |
| 245 04 - MENCIÓN DE TÍTULO | |
| Título | Los que hicieron nuestro cine, 1 : |
| Resto del título | El cine mudo de ficción. |
| 260 ## - PUBLICACIÓN, DISTRIBUCIÓN, ETC. | |
| Lugar de publicación, distribución, etc. | [México] : |
| Nombre del editor, distribuidor, etc. | UTEC, |
| Fecha de publicación, distribución, etc. | [197-]. |
| 300 ## - DESCRIPCIÓN FÍSICA | |
| Extensión | 1 videocasete (VHS) (28 min.) : |
| Otras características físicas | son., b y n. |
| 520 ## - NOTA DE RESUMEN, ETC. | |
| Sumario, etc. | El francés Melies realiza películas de ficción con historias fantásticas que entretienen, estas películas son llevadas a todos los países, surgen algunos imitadores de Melies. Los melodramas mundanos son los que más entusiasman al público y surgen las Divas. En las 2 primeras décadas del siglo XX, el cine mexicano tiene 2 tiempos, el del asombro que desea atrapar para siempre los momentos fugaces y el de la imaginación con sueños y fantasías. La película mexicana más popular de la época es El automóvil gris. Ambientación musical |
| 501 ## - NOTA DE "CON" | |
| Nota de “Con” | Con: Los orígenes del cinematógrafo -- Eisenstein en México -- Y Santa habló |
| 650 #4 - ASIENTO SECUNDARIO DE MATERIA - TERMINO TEMATICO | |
| Término de materia o nombre geográfico como elemento de entrada | Cinematografía |
| 9 (RLIN) | 2549 |
| 650 #0 - ASIENTO SECUNDARIO DE MATERIA - TERMINO TEMATICO | |
| Término de materia o nombre geográfico como elemento de entrada | Cinematografía |
| Subdivisión general | Historia |
| 9 (RLIN) | 10591 |
| 905 ## - TIPO DE MATERIAL | |
| Tipo de material | Audiovisuales |
| Estado de retiro | Estado de pérdida | Fuente del sistema de clasificación o colocación | Estado dañado | No para préstamo | Código de colección | Localización permanente | Ubicación/localización actual | Ubicación en estantería | Total de préstamos | Clasificación | Código de barras | Fecha visto por última vez | Número de copia | Tipo de ítem Koha |
|---|---|---|---|---|---|---|---|---|---|---|---|---|---|---|
| Library of Congress Classification | Audiovisuales | Bib. Gregorio Torres Quintero | Bib. Gregorio Torres Quintero | Audiovisual | PVI P 0486 | 0486APVI | 31/12/2020 | 1 | Videocasete |
